000 00906nam a22002651 4500
001 27240
003 BD-RjUL
005 20211209051130.0
008 140324s1967 enkd b 001 0 eng
035 _a(BD-RjUL)27312
040 _aDLC
_cDLC
_dBD-RjUL
_beng
041 _aeng
082 0 0 _a309.15694
_bEII 1967
100 1 _aEisenstadt, S. N.
_q(Shmuel Noah),
_d1923-2010.
_983582
245 1 0 _aIsraeli society /
_cS. N. Eisenstadt.
260 _aLondon :
_bWeidenfeld & Nicolson,
_cc1967.
300 _aix, 451 p. :
_c24 cm.
_bill. ;
490 1 _aPublication series in the history of Zionism and the Yishuv, the Institute of Contemporary Jewry, the Hebrew University of Jerusalem
490 0 _aThe Nature of human society series
504 _aInclude bibliography and index.
651 0 _aIsrael
_xSocial conditions.
_983583
942 _2ddc
_cBK
999 _c27240
_d27240